LEADER 00909cam0 2200265 450 001 E600200042657 005 20230308142710.0 100 $a20081202d1958 |||||ita|0103 ba 101 $aita 102 $aIT 200 1 $aLiriche di Goethe$fJohann Wolfgang Goethe$gcur. N. De Ruggiero 210 $aNapoli$cEdizioni Scientifiche Italiane$d1958 215 $a206 p.$d22 cm 225 2 $aCollana di letterature moderne 410 1$1001LAEC00025854$12001 $a*Collana di letterature moderne 700 1$aGoethe$b, Johann Wolfgang : von$3AF00017461$4070$0151776 801 0$aIT$bUNISOB$c20230308$gRICA 850 $aUNISOB 852 $aUNISOB$j830$m53815 912 $aE600200042657 940 $aM 102 Monografia moderna SBN 941 $aM 957 $a830$b000767$gSi$d53815$racquisto$1beth$2UNISOB$3UNISOB$420081202124248.0$520230308142701.0$6bethb 996 $aLiriche di Goethe$91680906 997 $aUNISOB LEADER 01057nam1 22002891i 450 001 RML0237679 005 20231121125704.0 100 $a20121121f1991 ||||0itac50 ba 101 | $aita 102 $ait 181 1$6z01$ai $bxxxe 182 1$6z01$an 200 1 $aRepertorio delle decisioni della Corte Costituzionale$eesposizione sistematica - elenco cronologico - dispositivi - legislazione sottoposta e sindacato nell'anno - indice analitico alfabetico$fa cura di Nicola Lipari 210 $aMilano $cGiuffré $d1991- 215 $av.$d25 cm 300 $aIn testa al front.: Giurisprudenza costituzionale 463 1$1001RML0263739$12001 $a˜Volume œ2001 463 1$1001RML0263740$12001 $a˜Volume œ1990 676 $a342.45020269$9$v21 702 1$aLipari$b, Nicola$3RMLV151834$4340 710 02$aItalia Corte Costituzionale$3RMLV151833$4340$0257747 801 3$aIT$bIT-01$c20121121 912 $aRML0237679 967 $m2 977 $a 53 996 $aRepertorio delle decisioni della Corte Costituzionale$9624072 997 $aUNICAS